A generic guide to the design and construction process protocol. (Record no. 97378)

MARC details
000 -LEADER
fixed length control field 01375cam a2200337 4500
008 - FIXED-LENGTH DATA ELEMENTS--GENERAL INFORMATION
fixed length control field 090401t1998 xxu||||| |||| 00| 0 eng d
020 ## - INTERNATIONAL STANDARD BOOK NUMBER
International Standard Book Number 0902896172
035 ## - SYSTEM CONTROL NUMBER
System control number (Sirsi) u88727
041 ## - LANGUAGE CODE
Language code of text/sound track or separate title eng
050 ## - LIBRARY OF CONGRESS CALL NUMBER
Classification number 658.404
110 ## - MAIN ENTRY--CORPORATE NAME
Corporate name or jurisdiction name as entry element University of Salford.
9 (RLIN) 3465
245 #2 - TITLE STATEMENT
Title A generic guide to the design and construction process protocol.
260 ## - PUBLICATION, DISTRIBUTION, ETC.
Place of publication, distribution, etc. Salford
Name of publisher, distributor, etc. University of Salford
Date of publication, distribution, etc. 1998
300 ## - PHYSICAL DESCRIPTION
Extent 95p. ; 30cm.
350 ## - PRICE (NR) (BK AM CF MU VM SE) [OBSOLETE]
Price 75
520 ## - SUMMARY, ETC.
Summary, etc. The process protocol, which is a common set of definitions, documentation and procedures providing the basics to allow the wide range of organisations involved in a construction project to work together, was produced a result of collaboration between a number of organisations within the construction industry. The companies involved were Alfred McAlpine (Special Projects), BAA plc, B.T., Advanced Visual Technology Ltd., Capita, Waterman Partnership and Boulton & Paul.
650 ## - SUBJECT ADDED ENTRY--TOPICAL TERM
Topical term or geographic name entry element CONSTRUCTION INDUSTRY
650 ## - SUBJECT ADDED ENTRY--TOPICAL TERM
Topical term or geographic name entry element CONSTRUCTION PROJECTS
650 ## - SUBJECT ADDED ENTRY--TOPICAL TERM
Topical term or geographic name entry element DOCUMENTS
650 ## - SUBJECT ADDED ENTRY--TOPICAL TERM
Topical term or geographic name entry element PROJECT DOCUMENTATION
650 ## - SUBJECT ADDED ENTRY--TOPICAL TERM
Topical term or geographic name entry element PROJECT PROTOCOLS
690 ## - LOCAL SUBJECT ADDED ENTRY--TOPICAL TERM (OCLC, RLIN)
Topical term or geographic name as entry element Project management
9 (RLIN) 6261
700 ## - ADDED ENTRY--PERSONAL NAME
Personal name Kagioglou, Michail
700 ## - ADDED ENTRY--PERSONAL NAME
Personal name Cooper, Rachel
700 ## - ADDED ENTRY--PERSONAL NAME
Personal name Aouad, Ghassan
700 ## - ADDED ENTRY--PERSONAL NAME
Personal name Hinks, John
700 ## - ADDED ENTRY--PERSONAL NAME
Personal name Sexton, Martin
700 ## - ADDED ENTRY--PERSONAL NAME
Personal name Sheath, Darryl M.
942 ## - ADDED ENTRY ELEMENTS (KOHA)
Suppress in OPAC 0
948 ## - LOCAL PROCESSING INFORMATION (OCLC); SERIES PART DESIGNATOR (RLIN)
c (OCLC) 29/09/1998
Holdings
Withdrawn status Lost status Source of classification or shelving scheme Damaged status Not for loan Home library Current library Shelving location Date acquired Cost, normal purchase price Total Checkouts Full call number Barcode Date last seen Date last checked out Copy number Cost, replacement price Price effective from Koha item type
    Dewey Decimal Classification     London London Folio 21/10/1998 75.00 1 F658.404 30056650 06/08/2019 22/01/2009 1 75.00 06/08/2019 Book